Current Leaders by Picture: Europe 🌍 - Statistics

General Stats
  • This quiz has been taken 293 times
    40 since last reset
  • The average score is 14 of 45
Answer Stats
Picture Answer % Correct
Vladimir Putin
100%
Emmanuel Macron
95%
Volodymyr Zelensky
92%
Giorgia Meloni
89%
Francis
84%
Olaf Scholz
84%
Viktor Orbán
84%
Keir Starmer
82%
Alexander Lukashenko
76%
Donald Tusk
55%
Pedro Sánchez
50%
Aleksandar Vučić
32%
Mette Frederiksen
32%
Robert Fico
32%
Edi Rama
29%
Ulf Kristersson
29%
Albert II
26%
Dick Schoof
26%
Kyriakos Mitsotakis
26%
Petteri Orpo
21%
Bart De Wever
18%
Petr Fiala
18%
Andrej Plenković
16%
Gitanas Nausėda
16%
Luís Montenegro
16%
Christian Stocker
13%
Evika Siliņa
13%
Jonas Gahr Støre
13%
Klaus Iohannis
13%
Robert Golob
13%
Simon Harris
13%
Alois
11%
Katrín Jakobsdóttir
11%
Kristen Michal
11%
Milojko Spajić
11%
Dorin Recean
8%
Luc Frieden
8%
Robert Abela
8%
Luca Beccari
5%
Albin Kurti
3%
Nikolai Denkov
3%
Xavier Espot Zamora
3%
Željka Cvijanović
3%
Alain Berset
0%
Dimitar Kovačevski
0%
No matching quizzes found
Score Distribution
Percent of People with Each Score
Percentile by Number Answered
Your Score History
You have not taken this quiz since the last reset